1719 1419 1393 1706 1081 1132 1652 1597 1648 1305 1491 1098 1020 1978 1398 1316 1913 1341 1402 1722 1986 1571 1540 1102 1228 1683 1457 1155 1955 1314 1155 1470 1366 1374 1859 1252 1951 1481 1992 1678 1992 1940 1141 1926 1228 1449 1871 1452 1730 1005 1923 1432 1081 1363 1497 1292 1402 1937 1326 1640 1102 1939 1006 1209 1218 1323 1472 1012 1668 1625 1418 1654 1148 1364 1453 1029 1092 1528 1360 1834 1951 1719 1913 1976 1107 1746 1518 1347 1990 1142 1715 1999 1140 1906 1262 1079 1897 1635 1529 BCNSPRNW ULIB Ver.6.0+V

เปลี่ยนเป็นภาษาไทย

Change to English
 แสดงรายละเอียดบรรณานุกรม
  กลับหน้าหลัก

Brief Record : Get Marc (ISO 2709) : E-mail record : QR code < ปิดหน้าต่าง
LEADER : 00000nam 2200000uu 4500
001    13399123750
003     ULIB
008    141125s2555||||th 000 0 tha d
020    ^a9786162791321
060 04 ^aQZ4^bต367
110 1  ^aมหาวิทยาลัยมหิดล^bคณะแพทยศาสตร์โรงพยาบาลรามาธิบดี. ^bภาควิชาพยาธิวิทยา
245 00 ^aตำราพยาธิวิทยากายวิภาค เล่ม 1 =^bAnatomical pathologyvolume 1 /^cบรรณาธิการ ศันสนีย์ วงศ์ไวศยวรรณ
246 31 ^aAnatomical pathology volume 1
250    ^aพิมพ์ครั้งที่ 2
260    ^aกรุงเทพฯ :^bโรงพิมพ์เดือนตุลา,^c2555
300    ^a615, [20] หน้า :^bภาพประกอบ ;^c30 ซม.
650  2 ^aPathology
650  4 ^aพยาธิวิทยา
650  4 ^aกายวิภาคศาสตร์
700 0  ^aธำรง จิรจริยาเวช,^eบรรณาธิการ
945    ^p1^l0^i037103
945    ^p1^l0^i037104
945    ^p1^l0^i037105
945    ^p1^l0^i037106
945    ^p1^l0^i037107
999    ^aเกษร โพธิ์สุวรรณ
รายการนี้ยังไม่มีแท็ก
คุณยังไม่ได้ล็อกอิน คุณสามารถมีกิจกรรมร่วมกับเว็บไซต์ได้ แต่ต้องล็อกอินก่อน ::
  ล็อกอิน

รายการสื่อสารสนเทศ

ลำดับที่ ประเภท เลขเรียก/บาร์โค้ด สถานที่ สถานะ
1. วิทยาศาสตร์การแพทย์ และสุขภาพ
หนังสือสำรอง
สถานะ=หนังสือสำรอง
QZ4 ต367 ฉ.1 
  Barcode: 037103
ห้องสมุดวิทยาเขตสวรรค์ประชารักษ์
►ส่วนจัดเก็บหนังสือเก่า สปร
บนชั้น
  ขอยืม
2. วิทยาศาสตร์การแพทย์ และสุขภาพ
วิทยาศาสตร์การแพทย์ และสุขภาพ
QZ4 ต367 ฉ.2 
  Barcode: 037104
ห้องสมุดวิทยาเขตสวรรค์ประชารักษ์
►ส่วนจัดเก็บหนังสือเก่า สปร
บนชั้น
  ขอยืม
3. วิทยาศาสตร์การแพทย์ และสุขภาพ
วิทยาศาสตร์การแพทย์ และสุขภาพ
QZ4 ต367 ฉ.3 
  Barcode: 037105
ห้องสมุดวิทยาเขตสวรรค์ประชารักษ์
►ส่วนจัดเก็บหนังสือเก่า สปร
บนชั้น
  ขอยืม
4. วิทยาศาสตร์การแพทย์ และสุขภาพ
วิทยาศาสตร์การแพทย์ และสุขภาพ
QZ4 ต367 ฉ.4 
  Barcode: 037106
ห้องสมุดวิทยาเขตสวรรค์ประชารักษ์
►ส่วนจัดเก็บหนังสือเก่า สปร
บนชั้น
  ขอยืม
5. วิทยาศาสตร์การแพทย์ และสุขภาพ
วิทยาศาสตร์การแพทย์ และสุขภาพ
QZ4 ต367 ฉ.5 
  Barcode: 037107
ห้องสมุดวิทยาเขตสวรรค์ประชารักษ์
►ส่วนจัดเก็บหนังสือเก่า สปร
บนชั้น
  ขอยืม

รายการใกล้เคียง
    หัวเรื่อง [Pathology]
    หัวเรื่อง [พยาธิวิทยา]
    หัวเรื่อง [กายวิภาคศาสตร์]

BibComment


ยังไม่เคยถูกคอมเมนท์

คอมเมนท์ทรัพยากรรายการนี้
  คอมเมนท์: ตำราพยาธิวิทยากา..


 Copyright 2026. Bcnsprnw @Library